000 00643nam a22002057a 4500
003 OSt
005 20251022014735.0
008 251022b |||||||| |||| 00| 0 eng d
020 _a978-114-08297-9
040 _aDWCL-Main lib
_cOC
082 _aCirc. 338.3 X4i 2010
100 _aXiaokuan,Yang
245 _aIntroduction to Traffic Engineering/
_cYang Xiaokuan
260 _a Beijing:
_bChina Communication Press ,
_cc2010.
300 _a200 pages :
_billustrations ;
_c24cm.
504 _aIncludes bibliographical references and index.
650 _a1. Roads
650 _a2. Traffic engineering
942 _2ddc
_cBK-CIRC
_kCirc.
_n0
999 _c4991
_d4991